Prerozdeľovací mechanizmus v zdravotnom poistení
Ciele prerozdeľovacích (vyrovnávacích) mechanizmov v zdravotnom poistení. Decentralizovaný výber zákonného poistného a jeho následné prerozdeľovanie. Závislosti v prerozdeľovaní. Objektivita prerozdeľovania v r. 1995 a 1996. Ako by malo vyzerať prerozdeľovanie r. 1997. Štruktúra zdrojov zdravotného...
Guardado en:
| Autor principal: | |
|---|---|
| Formato: | Capítulo de libro |
| Lenguaje: | eslovaco |
| Materias: | |
| Etiquetas: |
Sin Etiquetas, Sea el primero en etiquetar este registro!
|
MARC
| LEADER | 00000naa a2200000 4500 | ||
|---|---|---|---|
| 001 | r022275 | ||
| 005 | 20230801110120.5 | ||
| 041 | 0 | |a slo | |
| 044 | |a SK | ||
| 245 | 1 | 0 | |a Prerozdeľovací mechanizmus v zdravotnom poistení |c E. Andrejčáková |
| 520 | |a Ciele prerozdeľovacích (vyrovnávacích) mechanizmov v zdravotnom poistení. Decentralizovaný výber zákonného poistného a jeho následné prerozdeľovanie. Závislosti v prerozdeľovaní. Objektivita prerozdeľovania v r. 1995 a 1996. Ako by malo vyzerať prerozdeľovanie r. 1997. Štruktúra zdrojov zdravotného poistenia spolu. Štruktúra poistencov, príjmov a výdavkov Všeobecnej zdravotnej poisťovne. Rozdelenie poistencov a výdavkov na 1 poistenca VšZP podľa vekových skupín. Poisťovne budúcnosti. | ||
| 610 | 2 | 0 | |a Slovensko |
| 610 | 2 | 0 | |a 1995 |
| 610 | 2 | 0 | |a 1996 |
| 610 | 2 | 0 | |a poistenie zdravotné |
| 610 | 2 | 0 | |a poistenie zákonné |
| 610 | 2 | 0 | |a poistenci |
| 610 | 2 | 0 | |a Všeobecná zdravotná poisťovňa Bratislava |
| 610 | 2 | 0 | |a poisťovne |
| 100 | 1 | |a Andrejčáková, E. | |